000 00510nam a22001937a 4500
003 koha_MIRAKIL
005 20231213100421.0
008 231213b |||||||| |||| 00| 0 ||| d
020 _b978-8-85300215-0
040 _aTR-IsEVY
_btur
_cTR-IsEVY
082 _a428.64 CLE/M
100 _aClemen, Gina D. B..
245 0 _aMystery in San Francisco
260 _bBlack Cat,
_c2005
300 _a80 s.
650 _aEnglish -- Reading books.
650 _aİngilizce -- Okuma kitapları.
942 _2ddc
_cBK
999 _c19595
_d19595